Radiohead - The Bends Songs - Statistics

General Stats
  • This quiz has been taken 28 times
  • The average score is 10 of 12
Answer Stats
Spotify Streams Song % Correct
62,181,255 The Bends
100%
419,618,753 Fake Plastic Trees
95%
243,087,366 Just
95%
552,435,130 High And Dry
90%
161,712,696 Street Spirit (Fade Out)
90%
114,289,726 Black Star
86%
90,669,823 My Iron Lung
86%
62,597,430 (Nice Dream)
86%
35,436,272 Bones
81%
63,793,727 Bullet Proof ... I Wish I Was
81%
29,214,872 Sulk
81%
50,019,957 Planet Telex
76%
No matching quizzes found
Score Distribution
Percent of People with Each Score
Percentile by Number Answered
Your Score History
You have not taken this quiz